Observatori de politiques educatives locals : informe 2013 informe 2013
ISBN:
9788498037005
Descripción Física:
134 pàgines : il·lustracions ; 30 cm
Colección:
Documents de Treball. Educació
; 10
Idioma:
Catalán
MARC
| LEADER | 00000nam a2200000 a 4500 | ||
|---|---|---|---|
| 001 | 26178 | ||
| 008 | 220706b spa||||| |||| 00| 0 cat d | ||
| 017 | |a DL B 25788-2014 | ||
| 020 | |a 9788498037005 | ||
| 080 | |a Bib-787 | ||
| 245 | 0 | 0 | |a Observatori de politiques educatives locals : |b informe 2013 |
| 250 | |a Primera edició | ||
| 260 | |a Barcelona : |b Diputació de Barcelona. Gerència de Serveis d'Educació, |c desembre 2014 | ||
| 300 | |a 134 pàgines : |b il·lustracions ; |c 30 cm | ||
| 490 | |a Documents de Treball. Educació ; |v 10 | ||
| 504 | |a Referències bibliogràfiques | ||
| 651 | 1 | 0 | |a Barcelona (Catalunya : Província) |x Política educativa |9 53806 |
| 710 | |9 52167 |a Barcelona (Catalunya : Província). |b Gerència de Serveis d'Educació | ||
| 901 | |a Arxiu | ||
| 942 | |c ARXIU |2 udc |n 1 | ||
| 952 | |0 0 |1 0 |4 0 |6 BIB787 |7 1 |9 62689 |a Arxiu |b Arxiu |d 2022-07-06 |l 0 |o Bib-787 |p 26178 |r 2022-07-06 00:00:00 |w 2022-07-06 |y ARXIU | ||
| 999 | |c 82221 |d 82221 | ||